Report of the Cashew trade delegation to West Europe (Record no. 22351)

MARC details
000 -LEADER
fixed length control field 00321nam a2200109Ia 4500
082 ## - DEWEY DECIMAL CLASSIFICATION NUMBER
Classification number 339.1:634.573(4)
Item number REP
245 #0 - TITLE STATEMENT
Title Report of the Cashew trade delegation to West Europe
260 ## - PUBLICATION, DISTRIBUTION, ETC. (IMPRINT)
Place of publication Ernakulam
Name of publisher Cahew Export Promotion Council
Year of publication 1962
650 ## - SUBJECT ADDED ENTRY--TOPICAL TERM
Topical Term Cashew
942 ## - ADDED ENTRY ELEMENTS (KOHA)
Koha item type Books
Holdings
Withdrawn status Lost status Damaged status Not for loan Home library Current library Date acquired Source of acquisition Full call number Accession Number Koha item type
        RRII Library RRII Library 16/12/2021 Auction 339.1:634.573(4) REP 03071 Books